| 000 | 01979cam a2200445 a 4500 | ||
|---|---|---|---|
| 001 | 9549408 | ||
| 003 | ARRUPE | ||
| 005 | 20150827140329.0 | ||
| 008 | 120202s2012 ohub b s001 0 eng c | ||
| 010 | _a 2012004955 | ||
| 020 | _a9780821420010 (pb : alk. paper) | ||
| 020 | _a0821420011 (pb : alk. paper) | ||
| 020 | _a9780821444177 (electronic) | ||
| 020 | _a0821444174 (electronic) | ||
| 024 | _a40021112079 | ||
| 035 | _a(OCoLC)ocn768800621 | ||
| 035 | _a(OCoLC)768800621 | ||
| 035 | _a(NNC)9549408 | ||
| 040 |
_aIEN/DLC _beng _cINU _dDLC _dBTCTA _dYDXCP _dBDX _dOCLCO |
||
| 042 | _apcc | ||
| 043 | _af-tz--- | ||
| 050 | 0 | 0 |
_aDT449.D3 _bB74 2012 |
| 082 | 0 | 4 |
_a967.8232 _223 |
| 100 | 1 |
_aBrennan, James R., _cDr. _918994 |
|
| 245 | 1 | 0 |
_aTaifa : _bmaking nation and race in urban Tanzania / _cJames R. Brennan. |
| 260 |
_aAthens : _bOhio University Press, _cc2012. |
||
| 300 |
_axi, 292 p. : _bmaps ; _c23 cm. |
||
| 490 | 1 | _aNew African histories | |
| 504 | _aIncludes bibliographical references (p. 263-281) and index. | ||
| 505 | 0 | _aNative and non-native: colonial urbanization and the legal foundations of identity -- Identity and social structure in interwar Dar es Salaam -- Posing the urban question: war, state intervention, and the creation of urban entitlement -- Continental shift: civilization, racial thought, and the intellectual foundations of an African nationalism -- Nationalist thought, racial caricature, and urban citizenship in postcolonial Tanzania. | |
| 650 | 0 |
_aEthnicity _zTanzania _zDar es Salaam _xHistory. _918995 |
|
| 650 | 0 |
_aNationalism _zTanzania _zDar es Salaam _xHistory. _918996 |
|
| 650 | 0 |
_aUrbanization _zTanzania _zDar es Salaam _xHistory. _918997 |
|
| 651 | 0 |
_aDar es Salaam (Tanzania) _xRace relations _xHistory. _918998 |
|
| 651 | 0 |
_aDar es Salaam (Tanzania) _xSocial conditions. _918999 |
|
| 830 | 0 |
_aNew African histories series. _99134 |
|
| 942 |
_2lcc _cMONOGRAPH |
||
| 948 | 1 |
_a20120801 _bc _csl13 _dMPS |
|
| 999 |
_c123149 _d123149 |
||